| 000 | 00343nam a22001457a 4500 | ||
|---|---|---|---|
| 020 | _qPB. | ||
| 040 | _cFIZZA ISHAQ | ||
| 082 |
_a624.151 _bTWI |
||
| 100 |
_aLAMBE, WILLIAM T. _990439 |
||
| 245 |
_aSOIL MECHANICS / _cT. WILLIAM LAMBE, |
||
| 250 | _a1st ED. | ||
| 260 |
_bJOHN WILEY & SON, _c1969. |
||
| 300 | _a553 P. ; | ||
| 942 |
_2ddc _cBK |
||
| 999 |
_c588653 _d588653 |
||